Statistics for Five Busiest Air Routes by Airport #3

Click here to take the quiz!

General Stats

  • This quiz has been taken 106 times
  • The average score is 23 of 40

Answer Stats

HintAnswer% Correct
Amsterdam-Schiphol | EdinburghLondon-Heathrow
100%
Amsterdam-Schiphol | EdinburghLondon-Gatwick
99%
EdinburghLondon-Stansted
99%
Shenzhen Bao'anBeijing-Capital
97%
Alicante-ElcheLondon-Gatwick
91%
Shenzhen Bao'anShanghai-Hongqiao
90%
Quito-Mariscal SucreMiami
90%
Santiago-Arturo Merino BenitezBuenos Aires-Ezeiza
84%
Santiago-Arturo Merino BenitezSao Paulo-Guarulhos
81%
Santiago-Arturo Merino BenitezLima-Jorge Chavez
81%
Amsterdam-SchipholParis-Charles de Gualle
79%
Quito-Mariscal SucreBogota-El Dorado
78%
EdinburghDublin
76%
Norfolk | Orlando-MelbourneAtlanta-Hartsfield Jackson
76%
NorfolkChicago-O"Hare
74%
Amsterdam-SchipholBarcelona-El Prat
69%
Amsterdam-SchipholRome-Fiumicino
65%
Alicante-ElcheManchester
63%
Norfolk | Orlando-MelbourneCharlotte-Douglas
53%
Alicante-ElcheBirmingham
52%
Shenzhen Bao'anChengdu-Shuangliu
52%
Alicante-Elche | EdinburghAmsterdam-Schiphol
49%
Quito-Mariscal SucreGuayaquil-Olmedo
44%
Shenzhen Bao'anXi'an Xianyang
42%
NorfolkPhiladelphia
42%
Shenzhen Bao'anChongqing-Jiangbei
40%
Orlando-MelbourneToronto-Billy Bishop
30%
NorfolkBaltimore
20%
Alicante-ElcheEast Midlands
5%
Orlando-MelbournePortland
4%
Quito-Mariscal SucreManta-Eloy Alfaro
4%
Santiago-Arturo Merino BenitezCalama-El Loa
2%
Orlando-MelbourneSouth Bimini
2%
Santiago-Arturo Merino BenitezAntofasta-Cerro Moreno
1%
Quito-Mariscal SucreCuenca-Mariscal Lamar
1%

Score Distribution

Percentile by Number Answered

Percent of People with Each Score

Your Score History

You have not taken this quiz